[Event "27. Friedensfest-Open (AFRO-A)"]
[Site "Augsburg"]
[Date "2022.08.06"]
[Round "6.14"]
[White "Knoll, Georg"]
[Black "Gode, Gero"]
[Result "0-1"]
[WhiteElo "1985"]
[BlackElo "1754"]
[EventDate "2022.08.04"]
[Time "15:30:00"]
[WhiteTeam "VfL Leipheim 1898"]
[BlackTeam "SK Mering"]

1.d4 Nf6 2.Nf3 e6 3.g3 b6 4.Bg2 Bb7 5.O-O c5 6.Nbd2 cxd4 7.Nb3 Qc7 8.Nbxd4
a6 9.Bf4 d6 10.Bg5 Be7 11.Rc1 Nbd7 12.c4 Rc8 13.b4 Qb8 14.Ne1 Bxg2 15.Nxg2
O-O 16.Qa4 Qb7 17.Rfd1 h6 18.Bf4 e5 19.Nf5 Rfe8 20.Be3 d5 21.cxd5 Rxc1 22.
Bxc1 Nxd5 23.b5 N5f6 24.bxa6 Qa7 25.Nxe7+ Rxe7 26.Ba3 Re6 27.Ne3 b5 28.
Qxb5 Rxa6 29.Bd6 Ra5 30.Qc6 Rxa2 31.Qf3 Ra1 32.Rxa1 Qxa1+ 33.Nf1 e4 34.Qe3
Qe1 35.h3 Qa5 36.g4 Qd5 37.Bf4 g5 38.Bg3 Qe6 39.Nd2 Kg7 40.Qd4 Kg8 41.Nc4 
h5 42.gxh5 Nxh5 43.Kh2 Nf4 44.Bxf4 gxf4 45.Nd2 Nf6 46.Qc4 Qf5 47.Nf1 Qg5 
48.Qc8+ Kg7 49.Qc3 Qh5 50.f3 Qh4 51.Kg2 e3 52.Nxe3 Qg3+ 53.Kf1 fxe3 54.
Qxe3 Qxh3+ 55.Kf2 Qf5 56.Qd4 Kg6 57.Qc4 Nd7 58.Qa6+ f6 59.Qa8 Qe6 60.Qc8 
Qf7 61.Qc2+ f5 62.f4 Nf6 63.Qc6 Qd5 64.Qb6 Qe4 65.Qd6 Qh1 66.e3 Qh4+ 67.
Ke2 Kh5 68.Qf8 Qg4+ 69.Kd3 Qd1+ 70.Kc4 Qc2+ 71.Kb5 Qb3+ 72.Ka5 Qb6+ 73.Ka4
Kg4 74.Qh8 Ne4 0-1

[Event "27. Friedensfest-Open (AFRO-A)"]
[Site "Augsburg"]
[Date "2022.08.05"]
[Round "3.10"]
[White "Reis, Thomas"]
[Black "Mayer, Arnd"]
[Result "1-0"]
[WhiteElo "2193"]
[BlackElo "2036"]
[EventDate "2022.08.04"]
[Time "09:30:00"]
[WhiteTeam "SK Kriegshaber"]
[BlackTeam "SV Jedesheim 1921"]

1.d4 Nf6 2.Nf3 e6 3.c4 b6 4.e3 Bb7 5.Bd3 d5 6.b3 Nbd7 7.O-O Bd6 8.cxd5 
exd5 9.Ba3 c5 10.Nc3 Rc8 11.Rc1 O-O 12.Qe2 Ne4 13.Bb2 Qe7 14.Ba6 Ndf6 15.
Rfd1 Rfd8 16.dxc5 Bxc5 17.Bxb7 Qxb7 18.Nd4 Bb4 19.Nxe4 Nxe4 20.Qd3 Rxc1 
21.Rxc1 Rc8 22.Rxc8+ Qxc8 23.f3 Bc3 24.Ba3 Bxd4 25.fxe4 Bc5 26.Qc3 Qe6 27.
Bxc5 bxc5 28.Qxc5 dxe4 29.Qxa7 h6 30.Qd4 Qg4 31.Qd2 f5 32.a4 g5 33.h3 Qg3 
34.Qf2 Qe5 35.Qe2 f4 36.Qc4+ Kf8 37.Qd4 Qe6 38.b4 f3 39.a5 g4 40.Qb6 Qa2 
41.Qxh6+ Ke7 42.Qg7+ Kd6 43.Qxg4 Qa1+ 44.Kh2 f2 45.Qg6+ Ke7 46.Qxe4+ Kf7 
47.Qh7+ Qg7 48.Qh5+ Qg6 49.Qe2 Qf6 50.Qf1 Ke7 51.e4 Qf4+ 52.g3 Qe3 53.a6 
Qe1 54.Kg2 Qxe4+ 55.Kxf2 Qxb4 56.Qe1+ 1-0

[Event "27. Friedensfest-Open (AFRO-A)"]
[Site "Augsburg"]
[Date "2022.08.06"]
[Round "5.21"]
[White "Speicher, Franz"]
[Black "Engesser, Jonas"]
[Result "0-1"]
[WhiteElo "1842"]
[BlackElo "2037"]
[EventDate "2022.08.04"]
[Time "09:30:00"]
[WhiteTeam "SV Dicker Turm Esslingen"]
[BlackTeam "SC Garching 1980 e.V."]

1.d4 Nf6 2.Nf3 g6 3.Nbd2 d5 4.e3 Bg7 5.b4 a5 6.b5 c5 7.bxc6 Nxc6 8.Bb5 O-O
9.c3 Bf5 10.a4 Rc8 11.Bb2 Qb6 12.Qb3 Rfd8 13.O-O Ne4 14.Nxe4 Bxe4 15.Nd2 
Bf5 16.Rac1 h5 17.f4 Na7 18.Be2 Qxb3 19.Nxb3 b6 20.Nd2 Rc7 21.Nf3 Bd7 22.
Ra1 Nc8 23.Ne5 Be8 24.c4 Nd6 25.Rfc1 Bxe5 26.dxe5 Nxc4 27.Bd4 Rc6 28.Rab1 
Rdc8 29.Bxc4 Rxc4 30.Rxc4 dxc4 31.Bc3 Bxa4 32.Rxb6 Ra8 33.Kf2 Bc2 34.Rb2 
Bb3 35.Rb1 a4 36.Ke2 Bc2 37.Ra1 h4 38.Ra3 Rb8 39.Kd2 Bb3 40.e4 Rd8+ 41.Kc1
Rd1+ 42.Kb2 Rg1 43.Ra1 Rxg2+ 44.Ka3 Rxh2 45.Rg1 Ra2+ 46.Kb4 h3 47.Rg4 h2 
48.Rh4 Bd1 49.e6 fxe6 50.f5 Bf3 51.Rh8+ Kf7 52.Rh7+ Ke8 53.Rh8+ Kd7 54.
fxg6 h1=Q 55.g7 Qb1+ 56.Kc5 Rg2 0-1

[Event "27. Friedensfest-Open (AFRO-A)"]
[Site "Augsburg"]
[Date "2022.08.07"]
[Round "7.7"]
[White "Reis, Thomas"]
[Black "Weller, Uli"]
[Result "1/2-1/2"]
[WhiteElo "2193"]
[BlackElo "2190"]
[EventDate "2022.08.04"]
[Time "09:30:00"]
[WhiteTeam "SK Kriegshaber"]
[BlackTeam "SF Augsburg"]

1.d4 Nf6 2.Nf3 g6 3.c4 Bg7 4.e3 O-O 5.Be2 d6 6.Nc3 Nbd7 7.O-O e5 8.Qc2 Re8
9.b4 a5 10.b5 b6 11.Rd1 Bb7 12.Bb2 exd4 13.Nxd4 Ne5 14.h3 Qe7 15.Rac1 Rac8
16.Re1 h5 17.Rcd1 h4 18.Bf1 Rcd8 19.e4 Ned7 20.f3 Nh5 21.Qf2 Be5 22.Nce2 
Qf6 23.Qe3 Nc5 24.Bc1 Ne6 25.Nxe6 Qxe6 26.Qd3 Qf6 27.Be3 Nf4 28.Bxf4 Bxf4 
29.Nxf4 Qxf4 30.Re2 Re5 31.Qd2 g5 32.Qxf4 gxf4 33.Rc2 Rde8 34.Rd4 Kg7 35.
Kf2 R8e7 36.Re2 Kf6 37.Ke1 Kg5 38.Kd2 f5 39.exf5 Kxf5 40.Rxe5+ Rxe5 41.
Bd3+ Kg5 42.Bc2 Bc8 43.Be4 Be6 44.Kc3 Bg8 1/2-1/2

[Event "27. Friedensfest-Open (AFRO-A)"]
[Site "Augsburg"]
[Date "2022.08.06"]
[Round "5.6"]
[White "Reis, Thomas"]
[Black "Jacob, Dominik"]
[Result "1-0"]
[WhiteElo "2193"]
[BlackElo "1758"]
[EventDate "2022.08.04"]
[Time "09:30:00"]
[WhiteTeam "SK Kriegshaber"]
[BlackTeam "BC Aichach"]

1.d4 Nf6 2.Nf3 g6 3.c4 Bg7 4.e3 c5 5.d5 d6 6.Nc3 a6 7.Be2 Bg4 8.O-O Nbd7 
9.h3 Bxf3 10.Bxf3 Ne5 11.Be2 g5 12.Rb1 Qc8 13.f4 gxf4 14.exf4 Ng6 15.Bd3 
O-O 16.Qc2 Rb8 17.a4 Qc7 18.Bd2 Kh8 19.Kh2 Rg8 20.g3 Rbe8 21.Ne4 Nxe4 22.
Bxe4 Rb8 23.a5 b6 24.axb6 Qxb6 25.b3 a5 26.Bc3 Bxc3 27.Qxc3+ f6 28.Bc2 Qb4
29.Qd3 Rg7 30.Ra1 Rbg8 31.Rf3 Qb6 32.Re1 Qb4 33.Re2 Qa3 34.Qe3 Qb4 35.Qe4 
Qa3 36.Rf1 Qb4 37.Rfe1 Qc3 38.Qd3 Qb4 39.Qd2 Qb6 40.Ra1 Qb4 41.Rxa5 Qb8 
42.Re3 Qb6 43.Ra1 Qd8 44.Qe2 Qb6 45.Bf5 Qb4 46.Qe1 Qb7 47.Be6 Rb8 48.h4 
Nf8 49.Bf5 Qc7 50.Ra2 Rb7 51.h5 Qd8 52.h6 Rg8 53.Qa1 Ng6 54.Be6 Qf8 55.
Bxg8 Qxh6+ 56.Kg1 Kxg8 57.Ra8+ Kf7 58.Qa4 f5 59.Qe8+ 1-0

[Event "27. Friedensfest-Open (AFRO-A)"]
[Site "Augsburg"]
[Date "2022.08.04"]
[Round "1.13"]
[White "Luhn, Robert"]
[Black "Muench, Klaus-Norbert, Dr."]
[Result "1-0"]
[WhiteElo "1989"]
[BlackElo "2149"]
[EventDate "2022.08.04"]
[WhiteTeam "SK Caissa Augsburg"]
[BlackTeam "Schachges. Augsburg 1873"]

1.d4 Nf6 2.Nf3 g6 3.c4 Bg7 4.Nc3 O-O 5.e4 d6 6.Be2 e5 7.O-O Nc6 8.Be3 Re8 
9.dxe5 Nxe5 10.Nxe5 dxe5 11.Qxd8 Rxd8 12.Bg5 c6 13.Rfd1 Be6 14.f3 h6 15.
Be3 b6 16.Kf2 Bf8 17.a4 Nd7 18.Nd5 Rac8 19.a5 Nc5 20.axb6 cxd5 21.exd5 Bf5
22.bxa7 Nb3 23.Ra6 Bc2 24.d6 Bxd1 25.Bxd1 Nd4 26.c5 Nf5 27.b4 Nxe3 28.Kxe3
1-0

[Event "27. Friedensfest-Open (AFRO-A)"]
[Site "Augsburg"]
[Date "2022.08.07"]
[Round "7.26"]
[White "Kwossek, Georg"]
[Black "Mohylnyi, Stepan"]
[Result "0-1"]
[WhiteElo "1981"]
[BlackElo "1709"]
[EventDate "2022.08.04"]
[Time "09:30:00"]
[WhiteTeam "SC Kitzingen von 1905"]
[BlackTeam "SC Noris-Tarrasch Nuernberg 1873"]

1.d4 Nf6 2.Nf3 g6 3.c4 Bg7 4.Nc3 d5 5.cxd5 Nxd5 6.e4 Nxc3 7.bxc3 c5 8.Rb1 
O-O 9.Be2 Nc6 10.Be3 cxd4 11.cxd4 Qa5+ 12.Bd2 Qxa2 13.d5 Ne5 14.Nxe5 Bxe5 
15.O-O b6 16.Bb4 Bd6 17.Bc3 Ba6 18.Bxa6 Qxa6 19.e5 Bc5 20.Qf3 Qb7 21.Rfd1 
Rfd8 22.e6 f6 23.h4 Qc7 24.h5 g5 25.g3 a5 26.Kg2 Rd6 27.h6 Rf8 28.Qf5 Bxf2
29.Be5 Bc5 30.Rbc1 Qd8 31.Rc4 Rxd5 0-1

[Event "27. Friedensfest-Open (AFRO-A)"]
[Site "Augsburg"]
[Date "2022.08.07"]
[Round "7.12"]
[White "Engesser, Jonas"]
[Black "Jacob, Dominik"]
[Result "1-0"]
[WhiteElo "2037"]
[BlackElo "1758"]
[EventDate "2022.08.04"]
[Time "09:30:00"]
[WhiteTeam "SC Garching 1980 e.V."]
[BlackTeam "BC Aichach"]

1.d4 Nf6 2.Nf3 g6 3.g3 Bg7 4.Bg2 c5 5.dxc5 Qa5+ 6.Nfd2 Qxc5 7.Nb3 Qc7 8.
Nc3 O-O 9.Bg5 Nc6 10.Qd2 Rb8 11.O-O b5 12.a3 Ne5 13.Qf4 Bb7 14.Nxb5 Qb6 
15.Bxb7 Rxb7 16.Nc3 Nc6 17.Rad1 Na5 18.Bxf6 exf6 19.Nd5 Qb5 20.a4 Qxe2 21.
Nxa5 Rxb2 22.Rd2 Qe6 23.Nb3 Rc8 24.Ne3 f5 25.Qd6 Qe4 26.Qxd7 Rf8 27.Nc5 
Qb4 28.Nb3 a5 29.Nd5 Qe4 30.Nxa5 Rxc2 31.Rxc2 Qxc2 32.Nc6 h5 33.h4 Qe2 34.
a5 Bh6 35.Nce7+ Kh8 36.Qd6 Bg7 37.a6 Ra8 38.Nc7 Be5 39.Qd5 Rf8 40.Qc5 Bxc7
41.Nxg6+ 1-0

[Event "27. Friedensfest-Open (AFRO-A)"]
[Site "Augsburg"]
[Date "2022.08.05"]
[Round "4.19"]
[White "Manko, Mariya"]
[Black "Dannehr, Juergen"]
[Result "0-1"]
[WhiteElo "2087"]
[BlackElo "1922"]
[EventDate "2022.08.04"]
[Time "15:30:00"]
[WhiteTeam "Schachges. Augsburg 1873"]
[BlackTeam "SV Gifhorn"]

1.d4 Nf6 2.Nf3 g6 3.g3 Bg7 4.Bg2 O-O 5.O-O d5 6.c4 c6 7.b3 Ne4 8.Bb2 Nd7 
9.Nc3 Nxc3 10.Bxc3 Nf6 11.Ne5 Ng4 12.Nxg4 Bxg4 13.f3 Be6 14.Qd3 Qd7 15.e4 
Rad8 16.Rfd1 dxe4 17.fxe4 Bg4 18.Bf3 Bxf3 19.Qxf3 Qc7 20.Kg2 e6 21.Rd3 Rd7
22.Rad1 Rfd8 23.Qe3 b6 24.e5 Bf8 25.Qe4 Bg7 26.Bb2 a6 27.Bc1 h6 28.Qh4 
Bxe5 29.Bxh6 Bg7 30.Bg5 Re8 31.Qe4 f5 32.Qe2 Kf7 33.Bf4 Qd8 34.Be5 Qe7 35.
h4 Red8 36.h5 Bxe5 37.dxe5 Rxd3 38.Rxd3 Rxd3 39.hxg6+ Kxg6 40.Qxd3 Qc7 41.
Qe3 c5 42.a3 Qb7+ 43.Kh2 Qe4 44.Qc3 Qe2+ 45.Kh3 Qf1+ 46.Kh2 Qe2+ 47.Kh3 
Kh5 48.b4 Qe4 49.Kh2 Kg4 50.a4 cxb4 51.Qxb4 Qe2+ 52.Kg1 Kh3 0-1

[Event "27. Friedensfest-Open (AFRO-A)"]
[Site "Augsburg"]
[Date "2022.08.05"]
[Round "3.7"]
[White "Rentschler, Hans-Joachim"]
[Black "Lang, Thomas"]
[Result "1/2-1/2"]
[WhiteElo "2087"]
[BlackElo "1792"]
[EventDate "2022.08.04"]
[Time "09:30:00"]
[WhiteTeam "TSV Langenau"]
[BlackTeam "SG Schwaebisch Gmuend 1872 e.V"]

1.e4 c5 2.Ne2 Nc6 3.Nbc3 Nf6 4.d3 e6 5.g3 d5 6.exd5 exd5 7.Bg2 Be7 8.O-O 
O-O 9.Bg5 d4 10.Bxf6 Bxf6 11.Nd5 Bf5 12.Qd2 Ne7 13.Nxe7+ Qxe7 14.Rae1 Qd6 
15.Nf4 Bd7 1/2-1/2

[Event "27. Friedensfest-Open (AFRO-A)"]
[Site "Augsburg"]
[Date "2022.08.06"]
[Round "5.37"]
[White "Reif, Hermann"]
[Black "Rempel, Alexander sen."]
[Result "1-0"]
[WhiteElo "2009"]
[BlackElo "1663"]
[EventDate "2022.08.04"]
[Time "09:30:00"]
[WhiteTeam "SK Krumbach"]
[BlackTeam "SF Augsburg"]

1.e4 c5 2.b4 b6 3.bxc5 bxc5 4.Bc4 e6 5.Nc3 g6 6.Rb1 Ne7 7.Bb2 Bg7 8.Nb5 
O-O 9.Bxg7 Kxg7 10.Nd6 Ba6 11.Qe2 Bxc4 12.Qxc4 Qc7 13.e5 Nc8 14.Qc3 Kg8 
15.Ne4 Qc6 16.Nf6+ Kg7 17.Qg3 d6 18.f4 Ne7 19.Rb3 Nd7 20.Qh4 h6 21.Qxh6+ 
1-0

[Event "27. Friedensfest-Open (AFRO-A)"]
[Site "Augsburg"]
[Date "2022.08.04"]
[Round "1.11"]
[White "Reif, Hermann"]
[Black "Weller, Uli"]
[Result "0-1"]
[WhiteElo "2009"]
[BlackElo "2190"]
[EventDate "2022.08.04"]
[WhiteTeam "SK Krumbach"]
[BlackTeam "SF Augsburg"]

1.e4 c5 2.b4 cxb4 3.a3 e6 4.axb4 Bxb4 5.c3 Be7 6.d4 Nf6 7.Bd3 O-O 8.Ne2 
Nc6 9.O-O e5 10.Na3 d5 11.exd5 Nxd5 12.c4 Ndb4 13.d5 Nxd3 14.Qxd3 Nb4 15.
Qg3 Re8 16.Bb2 Bf8 17.Nb5 Bd7 18.Nbc3 Qc7 19.Ne4 Kh8 20.Rac1 Bf5 21.Ng5 
Nd3 22.Ba1 Nxc1 23.Rxc1 f6 24.Nd4 Bg6 25.Nge6 Qa5 26.Nb5 Rac8 27.Bc3 Rxc4 
0-1

[Event "27. Friedensfest-Open (AFRO-A)"]
[Site "Augsburg"]
[Date "2022.08.04"]
[Round "2.39"]
[White "Luetkemeyer, Arnd"]
[Black "Portnov, Dmytro"]
[Result "0-1"]
[WhiteElo "1831"]
[BlackElo "1531"]
[EventDate "2022.08.04"]
[Time "15:30:00"]
[WhiteTeam "SK Germering e. V."]
[BlackTeam "SC Weisse Dame Ulm e.V."]

1.e4 c5 2.c4 e5 3.Nc3 Nc6 4.d3 d6 5.Be2 g6 6.h4 h5 7.Nd5 Bh6 8.Nf3 Bxc1 9.
Rxc1 Nf6 10.a3 Bg4 11.Ng1 Be6 12.Qa4 O-O 13.Nf3 Bg4 14.Ng1 Be6 15.Nf3 Nd4 
16.Nc3 a6 17.Nxd4 exd4 18.Nd5 Bxd5 19.cxd5 Nd7 20.g4 hxg4 21.Bxg4 f5 22.
exf5 Ne5 23.Qd1 Qf6 24.Rc2 Rae8 25.Kf1 gxf5 26.Bh5 Re7 27.b4 b6 28.bxc5 
bxc5 29.Rb2 Qh6 30.Rg1+ Rg7 31.Rxg7+ Kxg7 32.Rb7+ Kh8 33.Re7 Qf6 34.Re6 
Qxh4 35.Bf3 Qf4 36.Bg2 Ng4 37.Qe2 Qc1+ 38.Qe1 Qf4 39.Qe2 Rg8 40.Kg1 Qc1+ 
41.Qe1 Qxe1+ 42.Rxe1 Ne5 43.Rd1 f4 44.f3 Nxf3+ 45.Kf2 Ne5 46.Be4 Rb8 47.
Rh1+ Kg8 48.Rh4 Rb2+ 49.Kf1 f3 50.Rh6 Rb1+ 0-1

[Event "27. Friedensfest-Open (AFRO-A)"]
[Site "Augsburg"]
[Date "2022.08.04"]
[Round "1.21"]
[White "Werner, Denis"]
[Black "Seisenberger, Georg"]
[Result "1-0"]
[WhiteElo "1939"]
[BlackElo "2085"]
[EventDate "2022.08.04"]
[WhiteTeam "SC Garching 1980 e.V."]
[BlackTeam "SV Ilmmuenster"]

1.e4 c5 2.c3 e6 3.d4 d5 4.exd5 exd5 5.Nf3 Nc6 6.Bd3 Bd6 7.O-O Nge7 8.dxc5 
Bxc5 9.Nbd2 O-O 10.Nb3 Bb6 11.Re1 Be6 12.Bc2 Qd7 13.Nbd4 Nf5 14.Qd3 g6 15.
Nxc6 Qxc6 16.g4 Qc5 17.gxf5 Qxf2+ 18.Kh1 Bxf5 19.Qe2 Bg4 20.Qxf2 Bxf2 21.
Kg2 Bxe1 22.Nxe1 Rfe8 23.Bf4 Bd7 24.Bd3 f6 25.Nc2 g5 26.Be3 Re5 27.Rf1 Kg7
28.Bd4 Re6 29.Ne3 Rf8 30.Kg3 Bc6 31.Nf5+ Kg8 32.h4 gxh4+ 33.Kxh4 Kf7 34.
Rg1 Rh8 35.Rg7+ Ke8 36.Bxa7 Re1 37.Rc7 Bd7 38.Rxb7 Rh1+ 39.Kg3 Rg8+ 40.Kf4
Bxf5 41.Kxf5 Rh5+ 42.Ke6 1-0

[Event "27. Friedensfest-Open (AFRO-A)"]
[Site "Augsburg"]
[Date "2022.08.04"]
[Round "1.30"]
[White "Wunderlich, Elias"]
[Black "Kleih, Julian"]
[Result "1/2-1/2"]
[WhiteElo "1734"]
[BlackElo "1868"]
[EventDate "2022.08.04"]
[WhiteTeam "SC Garching 1980 e.V."]
[BlackTeam "SV Dettingen Erms"]

1.e4 c5 2.c3 d5 3.exd5 Qxd5 4.d4 cxd4 5.cxd4 Nc6 6.Nf3 Bg4 7.Be2 e6 8.Nc3 
Qd6 9.d5 exd5 10.Nb5 Qb8 11.Qxd5 Nf6 12.Qd3 Bb4+ 13.Bd2 O-O 14.Bxb4 Nxb4 
15.Qb3 Nbd5 16.O-O Nf4 17.Bc4 a6 18.Nbd4 b5 19.Bd3 Nxd3 20.Qxd3 Rd8 21.Qe3
Qb6 22.Qf4 h6 23.h3 Bxf3 1/2-1/2

[Event "27. Friedensfest-Open (AFRO-A)"]
[Site "Augsburg"]
[Date "2022.08.06"]
[Round "5.18"]
[White "Werner, Denis"]
[Black "Kracke, Moritz"]
[Result "1-0"]
[WhiteElo "1939"]
[BlackElo "2073"]
[EventDate "2022.08.04"]
[Time "09:30:00"]
[WhiteTeam "SC Garching 1980 e.V."]
[BlackTeam "SV Urach"]

1.e4 c5 2.c3 d5 3.exd5 Qxd5 4.d4 e6 5.Nf3 Nf6 6.Be2 cxd4 7.cxd4 Nc6 8.O-O 
Be7 9.Nc3 Qd6 10.Nb5 Qd8 11.Bf4 Nd5 12.Bg3 a6 13.Nc3 O-O 14.Rc1 Nxc3 15.
bxc3 Bf6 16.a4 Qa5 17.Qb3 Qd5 18.c4 Qd8 19.d5 Na5 20.Qd3 Bd7 21.Qa3 Re8 
22.Bd3 Rc8 23.Qb4 b6 24.Rfd1 Be7 25.Qb1 Bxa4 26.Bxh7+ Kh8 27.Ne5 Rf8 28.
dxe6 Bxd1 29.Rxd1 Qe8 30.exf7 Rxf7 31.Ng6+ Kxh7 32.Nf8+ Kg8 33.Qh7+ Kxf8 
34.Qh8# 1-0

[Event "27. Friedensfest-Open (AFRO-A)"]
[Site "Augsburg"]
[Date "2022.08.05"]
[Round "4.18"]
[White "Niekisch, Dirk"]
[Black "Wichmann, Adrian"]
[Result "1/2-1/2"]
[WhiteElo "1770"]
[BlackElo "2089"]
[EventDate "2022.08.04"]
[Time "15:30:00"]
[WhiteTeam "SV Worms 1878"]
[BlackTeam "SC 1868 Bamberg"]

1.e4 c5 2.d4 cxd4 3.c3 d3 4.Bxd3 Nc6 5.c4 g6 6.Nc3 Bg7 7.Nf3 Nf6 8.O-O O-O
9.h3 d6 10.Qe2 Nd7 11.Be3 Nc5 12.Bb1 b6 13.Rd1 Ba6 14.Nd4 Nxd4 15.Bxd4 Bh6
16.b3 Ne6 17.Be3 Bg7 18.Qd2 Re8 19.Bd3 Rc8 20.Rac1 Nc5 21.Bb1 Bb7 22.Bd4 
Bxd4 23.Qxd4 Ne6 24.Qe3 1/2-1/2

[Event "27. Friedensfest-Open (AFRO-A)"]
[Site "Augsburg"]
[Date "2022.08.04"]
[Round "1.33"]
[White "Wezel, Sebastian"]
[Black "Doll, Luca Fabio"]
[Result "1/2-1/2"]
[WhiteElo "1859"]
[BlackElo "1653"]
[EventDate "2022.08.04"]
[WhiteTeam "SV Dettingen Erms"]
[BlackTeam "TSV Langenau"]

1.e4 c5 2.d4 cxd4 3.c3 dxc3 4.Nxc3 Nc6 5.Nf3 e6 6.Bc4 a6 7.O-O b5 8.Bb3 
Qc7 9.Re1 Nge7 10.Bg5 Ng6 11.a4 bxa4 12.Nd5 Qb8 13.Rxa4 Nb4 14.Qd4 Nxd5 
15.Bxd5 Bb7 16.Rc4 Bxd5 17.exd5 h6 18.Be3 Rg8 19.Rec1 Ne7 20.dxe6 fxe6 21.
Rc7 Nd5 22.Ne5 Bd6 23.Rc8+ Qxc8 24.Rxc8+ Rxc8 25.Nc4 Bc5 26.Qe4 Nxe3 27.
fxe3 Ke7 28.Ne5 1/2-1/2

[Event "27. Friedensfest-Open (AFRO-A)"]
[Site "Augsburg"]
[Date "2022.08.04"]
[Round "2.41"]
[White "Niekisch, Dirk"]
[Black "Blodig, Vincent"]
[Result "1-0"]
[WhiteElo "1770"]
[BlackElo "1507"]
[EventDate "2022.08.04"]
[Time "15:30:00"]
[WhiteTeam "SV Worms 1878"]
[BlackTeam "SF Augsburg"]

1.e4 c5 2.d4 cxd4 3.c3 dxc3 4.Nxc3 e6 5.Nf3 a6 6.Bd3 b5 7.O-O Bb7 8.Bf4 
Ne7 9.Bg5 h6 10.Bh4 g5 11.Bg3 Bg7 12.Be5 O-O 13.Rc1 Nbc6 14.Bxg7 Kxg7 15.
Bb1 Ng6 16.Qe2 Nf4 17.Qe3 Ne7 18.Rfd1 Bc6 19.Ne5 d6 20.Nxc6 Nxc6 21.Nxb5 
axb5 22.Rxc6 d5 23.exd5 Nxd5 24.Qe4 Rh8 25.g3 Qf6 26.Qe2 Rad8 27.a3 b4 28.
Ba2 Qe7 29.Bxd5 Qd7 30.Bf3 Qe7 31.Qe5+ Kh7 32.Rc7 Rxd1+ 33.Bxd1 Qd8 1-0

[Event "27. Friedensfest-Open (AFRO-A)"]
[Site "Augsburg"]
[Date "2022.08.04"]
[Round "1.26"]
[White "Yaroshenko, Yaroslav"]
[Black "Lerchl, Clemens"]
[Result "1-0"]
[WhiteElo "1760"]
[BlackElo "1908"]
[EventDate "2022.08.04"]
[WhiteTeam "SK Graefelfing"]
[BlackTeam "Schach-Club Vaterstetten-Grasbru"]

1.e4 c5 2.d4 cxd4 3.c3 d3 4.Bxd3 Nc6 5.Nf3 d6 6.h3 Nf6 7.O-O e6 8.c4 Be7 
9.Nc3 O-O 10.Be3 a6 11.Nd4 Qc7 12.Rc1 Rd8 13.Qe2 b6 14.Nxc6 Qxc6 15.f4 Bb7
16.Rc2 Nd7 17.e5 dxe5 18.fxe5 g6 19.Be4 Qc7 20.Qf2 Nxe5 21.Bxb6 Qc8 22.
Bxb7 Qxb7 23.Bxd8 Rxd8 24.Kh1 Bf8 25.Qf6 Nc6 26.Rcf2 Rd7 27.Ne4 Ne7 28.
Qxf7+ 1-0

[Event "27. Friedensfest-Open (AFRO-A)"]
[Site "Augsburg"]
[Date "2022.08.07"]
[Round "7.25"]
[White "Yaroshenko, Yaroslav"]
[Black "Knoll, Georg"]
[Result "1/2-1/2"]
[WhiteElo "1760"]
[BlackElo "1985"]
[EventDate "2022.08.04"]
[Time "09:30:00"]
[WhiteTeam "SK Graefelfing"]
[BlackTeam "VfL Leipheim 1898"]

1.e4 c5 2.d4 cxd4 3.c3 d3 4.Bxd3 Nc6 5.Nf3 d5 6.e5 Bg4 7.Bf4 e6 8.O-O Bc5 
9.Nbd2 f5 10.exf6 gxf6 11.Nb3 Bd6 12.Bxd6 Qxd6 13.Nbd4 Nge7 14.Qb3 O-O-O 
15.Nxc6 Nxc6 16.Nd4 Ne5 17.Be2 Bxe2 18.Nxe2 Rhg8 19.f4 Nc4 20.Rf2 Nd2 21.
Qb4 Qxb4 22.cxb4 Rd6 23.Nd4 Ne4 24.Rc2+ Kb8 25.Rac1 e5 26.fxe5 fxe5 27.Nf3
Re6 28.Rc7 d4 29.Rxh7 Nf6 30.Rf7 Nd5 31.Rc5 Rd8 32.Kf2 d3 33.Rf5 b6 34.
Rxe5 Rxe5 35.Nxe5 bxc5 36.Nc6+ Kc7 37.Nxd8 Kxd8 38.bxc5 Kd7 39.Ke1 Kc6 40.
Kd2 Kxc5 41.Kxd3 Nf4+ 42.Kc3 Nxg2 43.b4+ Kd5 44.a4 Nh4 45.a5 Kc6 46.Kc4 
1/2-1/2

[Event "27. Friedensfest-Open (AFRO-A)"]
[Site "Augsburg"]
[Date "2022.08.06"]
[Round "5.22"]
[White "Yaroshenko, Yaroslav"]
[Black "Mayer, Arnd"]
[Result "1/2-1/2"]
[WhiteElo "1760"]
[BlackElo "2036"]
[EventDate "2022.08.04"]
[Time "09:30:00"]
[WhiteTeam "SK Graefelfing"]
[BlackTeam "SV Jedesheim 1921"]

1.e4 c5 2.d4 cxd4 3.c3 dxc3 4.Nxc3 Nc6 5.Nf3 e6 6.Bc4 a6 7.O-O Nge7 8.Qe2 
Ng6 9.Rd1 Bc5 10.a3 b5 11.Ba2 O-O 12.b4 Be7 13.Be3 d6 14.Rac1 Bd7 15.Nd4 
Nxd4 16.Rxd4 Rc8 17.Qd2 Ne5 18.Bf4 f6 19.Kh1 Rc6 20.Bg3 Qc7 21.f4 Rc8 22.
Be1 Nc4 23.Qe2 Qd8 24.a4 R6c7 25.f5 Qe8 26.axb5 axb5 27.Nxb5 Bxb5 28.Bxc4 
Bxc4 29.Rdxc4 Qb5 30.Rxc7 Qxe2 31.Rxc8+ Kf7 32.fxe6+ Kxe6 33.Bg3 g5 34.
R8c2 Qb5 35.Rb2 Bd8 36.Rd1 Bc7 37.Rbb1 h5 38.h3 Qe2 39.b5 h4 40.Bh2 g4 41.
Re1 Qf2 42.Bg1 Qf4 43.Bh2 Qf2 44.Bg1 Qf4 45.Bh2 Qf2 1/2-1/2

[Event "27. Friedensfest-Open (AFRO-A)"]
[Site "Augsburg"]
[Date "2022.08.06"]
[Round "5.25"]
[White "Blodig, Samuel"]
[Black "Knoll, Georg"]
[Result "0-1"]
[WhiteElo "1479"]
[BlackElo "1985"]
[EventDate "2022.08.04"]
[Time "09:30:00"]
[WhiteTeam "TV Riedenburg Schach"]
[BlackTeam "VfL Leipheim 1898"]

1.e4 c5 2.Nc3 g6 3.d3 Bg7 4.g4 Nc6 5.Bg2 d6 6.f4 e5 7.h4 exf4 8.Bxf4 Nf6 
9.Bf3 Nd4 10.g5 Nxf3+ 11.Nxf3 Nh5 12.Bh2 O-O 13.Qd2 Bg4 14.Rf1 f5 15.Qg2 
Qd7 16.O-O-O fxe4 17.Nxe4 Bh3 18.Qg1 Bxf1 19.Rxf1 Qh3 20.Ned2 Nf4 21.Bxf4 
Rxf4 22.Qe3 Raf8 23.c3 Kh8 24.Kc2 b5 25.Rf2 Qd7 26.Re2 c4 27.d4 Qf5+ 28.
Kc1 a5 29.Re1 b4 30.Nh2 Rxh4 31.Nhf1 Rh1 32.Qg3 b3 33.Ne3 Rxe1+ 34.Qxe1 
bxa2 35.Nxf5 a1=Q+ 36.Nb1 gxf5 37.Qe6 f4 38.Qxc4 f3 39.Kc2 f2 0-1

[Event "27. Friedensfest-Open (AFRO-A)"]
[Site "Augsburg"]
[Date "2022.08.05"]
[Round "4.9"]
[White "Weller, Uli"]
[Black "Stoettner, Moritz"]
[Result "1/2-1/2"]
[WhiteElo "2190"]
[BlackElo "1906"]
[EventDate "2022.08.04"]
[Time "15:30:00"]
[WhiteTeam "SF Augsburg"]
[BlackTeam "SK Landau-Dingolfing"]

1.e4 c5 2.Nc3 d6 3.g3 Nc6 4.d3 g6 5.Be3 Bg7 6.Qd2 Rb8 7.Bg2 b5 8.Nd1 b4 9.
Ne2 Nd4 10.O-O h5 11.h3 e6 12.Nc1 Ne7 13.c3 Ndc6 14.Re1 a5 15.d4 bxc3 16.
bxc3 cxd4 17.cxd4 a4 18.Nc3 Qa5 19.N1e2 O-O 20.Rac1 Ba6 21.Bh6 Bxh6 22.
Qxh6 Bxe2 23.Nxe2 Rb2 24.g4 hxg4 25.hxg4 Qd2 26.Qxd2 Rxd2 27.d5 exd5 28.
exd5 Nb4 29.Nc3 Nbxd5 30.a3 Rb8 31.Nxd5 Nxd5 32.Rc4 Rbb2 33.Rc8+ Kg7 34.g5
Nb6 35.Rd8 Re2 36.Rxe2 Rxe2 37.Rxd6 Nc4 38.Rd4 Nxa3 1/2-1/2

[Event "27. Friedensfest-Open (AFRO-A)"]
[Site "Augsburg"]
[Date "2022.08.06"]
[Round "5.1"]
[White "Vuckovic, Zarko"]
[Black "Smith, Bryan"]
[Result "0-1"]
[WhiteElo "2286"]
[BlackElo "2414"]
[EventDate "2022.08.04"]
[Time "09:30:00"]
[WhiteTeam "SF Augsburg"]
[BlackTeam "?"]

1.e4 c5 2.Nc3 d6 3.Nge2 Nf6 4.d4 cxd4 5.Nxd4 a6 6.a4 e5 7.Nf3 Be7 8.Bg5 
Be6 9.Bxf6 Bxf6 10.Nd5 Nd7 11.Bc4 Rc8 12.Qe2 Nb6 13.Nxf6+ Qxf6 14.Bxe6 
Qxe6 15.a5 Nd7 16.Ra4 Nc5 17.Rc4 O-O 18.O-O Qe7 19.Rd1 Ne6 20.Rb4 d5 21.c3
d4 22.Rc4 Nf4 23.Qf1 dxc3 24.bxc3 Qe6 25.Rxc8 Rxc8 26.g3 Qg4 27.Nxe5 Ne2+ 
28.Kg2 Qxe4+ 29.Nf3 g5 30.Rd2 Re8 31.h3 h5 32.Rxe2 Qxe2 33.Qc1 f6 34.h4 g4
35.Nd4 Qe4+ 36.Kh2 Kg7 37.Qa3 Qd5 38.Qa1 Qe4 39.Qa3 Kg6 40.Qc5 Qe5 41.Qb6 
Qe1 42.Qb2 Re5 43.Qc2+ Qe4 44.Qa2 Qd5 45.Qc2+ Kg7 46.Qb1 Re4 47.Qa1 Kf7 
48.Qb1 Ke8 49.Qa1 Kd8 50.Qb1 Kc8 51.Qa1 Kb8 52.Qb1 Ka8 53.Qa1 Re5 54.Qa3 
Re1 0-1

[Event "27. Friedensfest-Open (AFRO-A)"]
[Site "Augsburg"]
[Date "2022.08.05"]
[Round "4.2"]
[White "Smith, Bryan"]
[Black "Vuckovic, Robert"]
[Result "1-0"]
[WhiteElo "2414"]
[BlackElo "1846"]
[EventDate "2022.08.04"]
[Time "15:30:00"]
[WhiteTeam "?"]
[BlackTeam "SF Augsburg"]

1.e4 c5 2.Nc3 Nc6 3.Bb5 Nd4 4.Nf3 g6 5.Bc4 Bg7 6.Nxd4 cxd4 7.Qf3 Nf6 8.Nb5
O-O 9.Nxd4 Qc7 10.d3 a6 11.Bb3 d5 12.exd5 Bg4 13.Qg3 Qd7 14.f3 e5 15.dxe6 
Qxd4 16.fxg4 Rae8 17.Be3 Qxb2 18.exf7+ Rxf7 19.O-O Re5 20.Bxf7+ Kxf7 21.g5
Qc3 22.gxf6 Bf8 23.Kh1 Rh5 24.Qf3 1-0